Земля Тосненская (Запись № 828488)

Подробности
000 -МАРКЕР
контрольное поле 02216nam0a2200409 4500
001 - ИДЕНТИФИКАТОР ЗАПИСИ
контрольное поле RU\NLR\bibl\1055365
005 - ИДЕНТИФИКАТОР ВЕРСИИ
контрольное поле 20260408192425.0
010 ## - МЕЖДУНАРОДНЫЙ СТАНДАРТНЫЙ НОМЕР КНИГИ (ISBN)
Номер (ISBN) 5-87417-225-4
Уточнения В пер.
Тираж 5000
021 ## - НОМЕР ГОСУДАРСТВЕННОЙ РЕГИСТРАЦИИ
Код страны Российская Федерация
Номер 2007-2376
Номер Листа государственной регистраци 113
035 ## - ДРУГИЕ СИСТЕМНЫЕ НОМЕРА
Идентификатор записи (NLR Aleph) 001042659
035 ## - ДРУГИЕ СИСТЕМНЫЕ НОМЕРА
Идентификатор записи (nilc)RSL-KNO-003030416
100 ## - ДАННЫЕ ОБЩЕЙ ОБРАБОТКИ
Данные общей обработки 20070213d2006 |||y0rusy50 ca
101 0# - ЯЗЫК РЕСУРСА
Язык текста, звукозаписи и т.д. русский
102 ## - СТРАНА ПУБЛИКАЦИИ ИЛИ ПРОИЗВОДСТВА
Страна публикации Российская Федерация
105 ## - ПОЛЕ КОДИРОВАННЫХ ДАННЫХ: ТЕКСТОВЫЕ МАТЕРИАЛЫ, МОНОГРАФИЧЕСКИЕ
Кодированные данные о монографическом текстовом документе a zzzz|||||
106 ## - ПОЛЕ КОДИРОВАННЫХ ДАННЫХ: ТЕКСТОВЫЕ РЕСУРСЫ – ФОРМА
Форма ресурса: кодированные данные: обозначение носителя r
200 1# - ЗАГЛАВИЕ И СВЕДЕНИЯ ОБ ОТВЕТСТВЕННОСТИ
Основное заглавие Земля Тосненская
Сведения, относящиеся к заглавию история и современность
Первые сведения об ответственности [А. Н. Чистиков (рук.), Р.В. Тихомирова, Г.И. Зиновьева и др.
Последующие сведения об ответственности вступ. слово Ю.В. Соколова]
210 ## - ПУБЛИКАЦИЯ, РАСПРОСТРАНЕНИЕ И ДР.
Место издания, распространения и т.д. Санкт-Петербург
Имя издателя, распространителя и т. д. Лики России
Дата издания, распространения и т.д. 2006
215 ## - ФИЗИЧЕСКАЯ ХАРАКТЕРИСТИКА
Специфическое обозначение материала и объем 319, [1] с.
Другие сведения о физической характеристике ил., портр., цв. ил.
Размеры 28
320 ## - ПРИМЕЧАНИЯ О НАЛИЧИИ В ДОКУМЕНТЕ БИБЛИОГРАФИИ / УКАЗАТЕЛЯ
Текст примечания Библиогр.: с. 318-319 (115 назв.)
607 ## - ГЕОГРАФИЧЕСКОЕ НАИМЕНОВАНИЕ КАК ПРЕДМЕТ
Географическое наименование Тосненский район (Ленинградская область)
Тематический подзаголовок История
Идентификатор авторитетной/нормативной записи RU\NLR\auth\661299830
Системный номер авторитетной/нормативной записи 2159692
610 0# - НЕКОНТРОЛИРУЕМЫЕ ПРЕДМЕТНЫЕ ТЕРМИНЫ
Предметный термин История. Исторические науки -- Российская Федерация -- Ленинградская область -- Тосненский район -- Альбом
610 0# - НЕКОНТРОЛИРУЕМЫЕ ПРЕДМЕТНЫЕ ТЕРМИНЫ
Предметный термин Науки о Земле -- Региональный раздел наук о Земле -- Российская Федерация -- Ленинградская область -- Тосненский район -- Краеведческая характеристика -- Альбом
686 ## - ИНДЕКСЫ ДРУГИХ КЛАССИФИКАЦИЙ
Индекс Т3(2Р-4Ле-5Тос)я61
Код системы
686 ## - ИНДЕКСЫ ДРУГИХ КЛАССИФИКАЦИЙ
Индекс Д9(2Р31-4Ле-5Тос)0я61
Код системы
686 ## - ИНДЕКСЫ ДРУГИХ КЛАССИФИКАЦИЙ
Индекс Т3(2Р-4Ле)
701 #1 - ИМЯ ЛИЦА - АЛЬТЕРНАТИВНАЯ ОТВЕТСТВЕННОСТЬ
Код отношения Автор
Материалы, к которым относится поле rus
Графика поля Кириллица
Начальный элемент ввода Чистиков
Часть имени, кроме начального элемента ввода А. Н.
Даты 1956-
Расширение инициалов личного имени Александр Николаевич
Идентификатор авторитетной/нормативной записи RU\NLR\auth\7723054
Системный номер авторитетной/нормативной записи 6108
701 #1 - ИМЯ ЛИЦА - АЛЬТЕРНАТИВНАЯ ОТВЕТСТВЕННОСТЬ
Код отношения Автор
Материалы, к которым относится поле rus
Графика поля Кириллица
Начальный элемент ввода Тихомирова
Часть имени, кроме начального элемента ввода Р. В.
Дополнения к именам, кроме дат краевед
Даты 1938-
Расширение инициалов личного имени Раиса Васильевна
Идентификатор авторитетной/нормативной записи RU\NLR\auth\7784637
Системный номер авторитетной/нормативной записи 67565
701 #1 - ИМЯ ЛИЦА - АЛЬТЕРНАТИВНАЯ ОТВЕТСТВЕННОСТЬ
Начальный элемент ввода Зиновьева
Часть имени, кроме начального элемента ввода Г. И.
Код отношения Автор
801 #0 - ИСТОЧНИК ЗАПИСИ
Страна Российская Федерация
Организация РКП
Дата составления 20070213
Правила каталогизации rcr
801 #1 - ИСТОЧНИК ЗАПИСИ
Страна Российская Федерация
Организация РГБ
Дата составления 20070213
801 #2 - ИСТОЧНИК ЗАПИСИ
Страна Российская Федерация
Организация NLR
Дата составления 20070307
Правила каталогизации rcr
942 ## - ДОПОЛНИТЕЛЬНЫЕ ЭЛЕМЕНТЫ ЗАПИСИ (АБИС)
Тип экземпляра АБИС Книга
980 ## - КОЛЛЕКЦИЯ
Название коллекции Национальная библиография
Экземпляры
Тип экземпляра Дата поступления Источник поступления Библиотека постоянного хранения Библиотека текущего хранения Место хранения Шифр хранения Штрих-код Статус экземпляра Стоимость
Книга 07.03.2007 Обязательный экземпляр РНБ (Московский) РНБ (Московский) Русский книжный фонд: издания с 1957 года 2007-8/804 1-1837710    
Книга 07.03.2007 Обязательный экземпляр РНБ (Московский) РНБ (Московский) Русский книжный фонд: издания с 1957 года 2007-8/804 2380683    
Книга 05.03.2008 Покупка РНБ (Московский) РНБ (Московский) Резервный фонд   2621652   2990.00
Книга 10.09.2015 Покупка РНБ (Садовая) РНБ (Садовая) Фонд международного книгообмена   1-988119   2990.00
Книга 08.10.2015 Покупка РНБ (Садовая) РНБ (Садовая) Фонд международного книгообмена   1-997145   2990.00
Книга 12.02.2019 Покупка РНБ (Садовая) РНБ (Садовая) Фонд международного книгообмена   1-2099719 Готов к отправке заказом МКО 2990.00